000 00696nam a22001937a 4500
005 20250327161015.0
010 _aENG-144310
020 _a9789361634659
_c490.00
035 _aEN-127842
037 _bDBAD
082 _a330.954
_21
245 _aTwo day National Seminar On India's $5 Traillion Economy: The Vision, Challenges, and Roadmap/
250 _a1
260 _aTamil Nadu
_bShanlax Publications
_cJanuary 2024
270 _a61,66 T.P.K. Main Road, Vasantha Nagar,
_bMadurai
_e625003
300 _a262p.
_c29cm(Hb)
700 _aChandan Chavadi, Dhanabalan Thangam, Ravindran Kandasamy, Sendhilkumar Manoharan
_eEditors
_979478
942 _2ddc
_cEN
_mCHA
_h330.954
999 _c210555
_d210555